Gay dads : transitions to adoptive fatherhood /

Bibliographic Details
Main Author: Goldberg, Abbie E.
Format: eBook
Language:English
Published: New York, NY : New York University, [2012]
Series:Qualitative studies in psychology.
Subjects:
Online Access:Connect to the full text of this electronic book

MARC

Tag First Indicator Second Indicator Subfields
LEADER 00000cam a22000004a 4500
001 in00003402321
005 20190405202525.0
006 m d
007 cr |||||||nn|n
008 120106s2012 nyu o d eng d
010 |z  2011052281 
020 |a 9780814708293 
020 |a 0814732232 
020 |z 9780814732236 (cl : alk. paper) 
020 |z 9780814732243 (pb : alk. paper) 
020 |z 9780814708156 (ebook) 
035 |a (MdBmJHUP)muse9780814708293 
040 |a MdBmJHUP  |c MdBmJHUP  |d UtOrBLW 
050 0 0 |a HQ76.13  |b .G65 2012 
082 0 0 |a 306.874/208664  |2 23 
100 1 |a Goldberg, Abbie E. 
245 1 0 |a Gay dads :  |b transitions to adoptive fatherhood /  |c Abbie E. Goldberg. 
264 1 |a New York, NY :  |b New York University,  |c [2012] 
264 4 |c ©2012 
300 |a 1 online resource (251 pages) 
336 |a text  |b txt  |2 rdacontent 
337 |a computer  |b c  |2 rdamedia 
338 |a online resource  |b cr  |2 rdacarrier 
490 1 |a Qualitative studies in psychology 
504 |a Includes bibliographical references and index. 
505 0 |a Acknowledgments -- Introduction : gay parenthood in context -- Decisions, decisions : gay men turn toward parenthood -- Navigating structural and symbolic inequalities on the path to parenthood : adoption agencies, the legal system, and beyond -- Engaging multiple roles and identities : men's experiences (re)negotiating work and family -- Kinship ties across the transition to parenthood : gay men's relationships with family and friends -- Public representations of gay parenthood : men's experiences stepping "out" as parents and families in their communities -- Conclusion -- Appendix A: The larger study -- Appendix B: Procedure -- Appendix C: Interview questions -- Appendix D: Participant demographic table -- Notes -- Index -- About the author. 
588 |a Description based on print version record. 
500 |a Electronic resource. 
650 0 |a Gay fathers  |x Family relationships. 
650 0 |a Gay fathers. 
655 7 |a Electronic books.  |2 local 
856 4 0 |u http://proxy.library.tamu.edu/login?url=http://muse.jhu.edu/books/9780814708293/  |z Connect to the full text of this electronic book  |t 0 
830 0 |a Qualitative studies in psychology. 
999 |a MARS 
999 f f |s 7a0ed91c-e7fd-3e33-b5a0-3a24083426b6  |i 5e7eebad-b51e-32bb-90f6-2956093aed03  |t 0 
952 f f |a Texas A&M University  |b College Station  |c Electronic Resources  |d Available Online  |t 0  |e HQ76.13 .G65 2012  |h Library of Congress classification 
998 f f |a HQ76.13 .G65 2012  |t 0  |l Available Online